Loading...

Between the devil and the deep blue sea: Merchant seamen, pirates, and the anglo-american maritime world, 1700-1750 /

Bibliographic Details
Main Author: Rediker, Marcus
Format: Printed Book
Published: New York: Cambridge university press, 1993.
Edition:1st ed.
Subjects:
LEADER 00621cam a2200169ua 4500
020 |a 0-521-45720-3 
082 |a 389.750 941  |b RED/B 
100 0 |a Rediker, Marcus 
245 1 0 |a Between the devil and the deep blue sea: Merchant seamen, pirates, and the anglo-american maritime world, 1700-1750 /  
250 |a 1st ed. 
260 |a New York:  |b Cambridge university press,  |c 1993. 
300 |a 322p.. 
500 |a Includes index. 
650 0 |a World maritime 
942 |c BK 
999 |c 15009  |d 15009 
952 |0 0  |1 0  |4 0  |6 389_750000000000000_941_RED  |7 0  |9 15655  |a KUCL  |b KUCL  |d 2014-05-23  |l 0  |o 389.750 941 RED/  |p 17366  |r 2014-05-23  |w 2014-05-23  |y BK